LEADER 01152nam a2200289 i 4500 001 000000153202 003 CaOOAMICUS 005 20211018111010.0 008 080215s1972 it u000 u ita u 013 $a130543 040 $aSeMil$bita 100 1 $aValgimigli, Manara,$d<1876-1965>.$0(OLS)http://semarc/name/1285 245 10$aLettere a Francesca /$cManara Valgimigli ; a cura di Maria Vittoria Ghezzo. 264 1$aMilano :$bPan,$c1972. 300 $a199 p. ;$c21 cm. 490 1 $aNuovi saggi ;$v8 541 1 $aFondo card. Giovanni Colombo (1B III 83) 650 4$aValgimigli, Manara <1876-1965> - Lettere e carteggi.$0(OLS)http://semarc/subject/29923 700 1 $aGhezzo, Maria Vittoria.$0(OLS)http://semarc/name/59918 830 0$aNuovi saggi ;$v8.$0(OLS)http://semarc/title/7128 850 $aSeMil 852 $aSeMil$W1$xVenegono$y1$m1B III 83$j105146$B105146$CSeMilBibl$Z2$F114373 $81 941 1 $a3 961 $aLascito: Colombo Card. Giovanni 996 $6245$aLettere a Francesca$9(OLS)http://semarc/title/224085 996 $6264$aMilano :$bPan$9(OLS)http://semarc/publisher/31802 LEADER 02016nam a2200277 i 4500 001 000000001225 003 CaOOAMICUS 005 20220728110021.0 008 180830s1912 sz u000 u und u 040 $aSeMil$bita 100 1 $aHarnack, Adolf : von,$d<1851-1930>.$0(OLS)http://semarc/name/134 245 10$aManuale di storia del dogma /$cAdolf Harnack ; prima versione italiana sulla 4. edizione tedesca. 264 1$aMendrisio :$bCultura moderna 300 $a7 v. ;$c20 cm. 650 4$aDogma - Storia.$0(OLS)http://semarc/subject/445 650 4$aDogma - Storia delle dottrine.$0(OLS)http://semarc/subject/5 774 0 $aHarnack, Adolf : von <1851-1930>$t1: Introduzione presupposti e genesi del dogma.$dMendrisio : Cultura moderna, 1912.$kBiblioteca economica di scienze religiose$w()42148 774 0 $aHarnack, Adolf : von <1851-1930>$t2: Fondamenti.$dMendrisio : Cultura moderna, 1912.$kBiblioteca economica di scienze religiose$w()42149 774 0 $aHarnack, Adolf : von <1851-1930>$t3: Sviluppo del dogma della Chiesa.$dMendrisio : Cultura moderna, 1913.$kBiblioteca economica di scienze religiose$w()42150 774 0 $aHarnack, Adolf : von <1851-1930>$t4: Il dogma del figlio di Dio.$dMendrisio : Cultura moderna, 1913.$kBiblioteca economica di scienze religiose$w()42151 774 0 $aHarnack, Adolf : von <1851-1930>$t5: Agostino ed il dogma in Occidente.$dMendrisio : Cultura moderna, 1914.$kBiblioteca economica di scienze religiose$w()42152 774 0 $aHarnack, Adolf : von <1851-1930>$tDagli ordini mendicanti al secolo 16..$dMendrisio : Cultura moderna, 1914.$kBiblioteca economica di scienze religiose$w()42153 774 0 $aHarnack, Adolf : von <1851-1930>$t7: Le tre correnti moderne del dogma.$dMendrisio : Cultura moderna, 1914.$kBiblioteca economica di scienze religiose$w()42154 996 $6245$aManuale di storia del dogma$9(OLS)http://semarc/title/1999 996 $6264$aMendrisio :$bCultura moderna$9(OLS)http://semarc/publisher/30189